[Event "4NCL Division 2b"]
[Site "Daventry, ENG"]
[Date "2019.01.12"]
[Round "3.52"]
[White "Moss, Guy"]
[Black "Grieve, Harry"]
[Result "0-1"]
[WhiteElo "2188"]
[BlackElo "2240"]
[PlyCount "70"]
[EventDate "2019.01.12"]
[WhiteTeam "Barbican 4NCL 2"]
[BlackTeam "Guildford 3"]

1. e4 c6 2. d4 d5 3. exd5 cxd5 4. c4 Nf6 5. Nf3 Nc6 6. Nc3 g6 7. h3 Bg7 8. Bf4
O-O 9. Be2 a6 10. O-O dxc4 11. Bxc4 b5 12. Bb3 Bb7 13. Re1 Na5 14. Bc2 Rc8 15.
Ne4 Nc4 16. b3 Na3 17. Nxf6+ Bxf6 18. Be4 Bxe4 19. Rxe4 Qd5 20. Re2 b4 21. Be5
Rc3 22. Qd2 Rfc8 23. Qf4 R3c6 24. Rae1 Nb5 25. Rd2 Kg7 26. Bxf6+ exf6 27. Re7
Nc3 28. Kh2 Qd8 29. Re1 Nd5 30. Qg3 Rc2 31. Rde2 Rxe2 32. Rxe2 Nc3 33. Rc2 Qa5
34. Nd2 Ne4 35. Qd3 Nxf2 0-1

[Event "4NCL Division 2b"]
[Site "Daventry, ENG"]
[Date "2019.01.12"]
[Round "3.53"]
[White "Kalaiyalahan, Akshaya"]
[Black "Navarro Cia, Miguel"]
[Result "1/2-1/2"]
[WhiteElo "2216"]
[BlackElo "2243"]
[PlyCount "50"]
[EventDate "2019.01.12"]
[WhiteTeam "Guildford 3"]
[BlackTeam "Barbican 4NCL 2"]

1. d4 Nf6 2. Nf3 g6 3. c4 Bg7 4. g3 d5 5. cxd5 Nxd5 6. Bg2 Nb6 7. O-O Nc6 8.
Nc3 Nxd4 9. Nxd4 Qxd4 10. Qxd4 Bxd4 11. Nb5 Be5 12. Bf4 Bxf4 13. gxf4 Kd8 14.
Rfd1+ Nd7 15. Rac1 c6 16. Nc3 e6 17. b4 a6 18. a4 Ke7 19. b5 axb5 20. axb5 cxb5
21. Nxb5 Ra5 22. Nd6 Rc5 23. Nxb7 Rxc1 24. Rxc1 Bxb7 25. Bxb7 Rb8 1/2-1/2

[Event "4NCL Division 2b"]
[Site "Daventry, ENG"]
[Date "2019.01.12"]
[Round "3.54"]
[White "Chapman, Terry P D"]
[Black "Stoyanov, Viktor"]
[Result "1/2-1/2"]
[WhiteElo "2214"]
[BlackElo "2195"]
[PlyCount "70"]
[EventDate "2019.01.12"]
[WhiteTeam "Barbican 4NCL 2"]
[BlackTeam "Guildford 3"]

1. Nf3 d5 2. d4 Nf6 3. c4 c6 4. Qc2 g6 5. Bf4 Bg7 6. e3 O-O 7. Nc3 c5 8. dxc5
Qa5 9. Rd1 dxc4 10. Bxc4 Qxc5 11. Nd5 Nxd5 12. Rxd5 Qb4+ 13. Rd2 Nc6 14. a3 Qb6
15. O-O Bf5 16. e4 Bg4 17. Be3 Qc7 18. Nd4 Rac8 19. Nxc6 Qxc6 20. Rc1 Be6 21.
Bd3 Qxc2 22. Rdxc2 Rxc2 23. Rxc2 Rc8 24. Rxc8+ Bxc8 25. Bxa7 Bxb2 26. Bc4 Kf8
27. f4 Bd7 28. Kf2 b6 29. Bxb6 Bxa3 30. Bd4 Bc6 31. g4 Bc1 32. Be3 Bb2 33. g5
Kg7 34. Bc5 Bc1 35. Be3 Bb2 1/2-1/2

[Event "4NCL Division 2b"]
[Site "Daventry, ENG"]
[Date "2019.01.12"]
[Round "3.55"]
[White "Osborne, Marcus E"]
[Black "Russell, Christopher"]
[Result "0-1"]
[WhiteElo "2117"]
[BlackElo "2158"]
[PlyCount "72"]
[EventDate "2019.01.12"]
[WhiteTeam "Guildford 3"]
[BlackTeam "Barbican 4NCL 2"]

1. d4 e6 2. c4 Nf6 3. Nc3 Bb4 4. e3 O-O 5. Bd3 c5 6. Nf3 d5 7. O-O cxd4 8. exd4
dxc4 9. Bxc4 b6 10. Ne5 Bb7 11. Bg5 Nbd7 12. Qe2 h6 13. Bh4 Bxc3 14. bxc3 Rc8
15. Rac1 Qc7 16. Nxd7 Qxd7 17. Bb3 Ne4 18. Qd3 Nc5 19. Qg3 Nxb3 20. Bf6 g6 21.
axb3 Qd5 22. c4 Qf5 23. Be7 Rfe8 24. Bd6 Kh7 25. Rce1 f6 26. Re3 Kg7 27. Rfe1
Kf7 28. d5 exd5 29. Re7+ Rxe7 30. Rxe7+ Kg8 31. h4 Bc6 32. Qe3 g5 33. hxg5 hxg5
34. Rxa7 Re8 35. Qxb6 Re1+ 36. Kh2 Qg4 0-1

[Event "4NCL Division 2b"]
[Site "Daventry, ENG"]
[Date "2019.01.12"]
[Round "3.56"]
[White "Makepeace, Philip J"]
[Black "Granat, Russell G"]
[Result "0-1"]
[WhiteElo "2063"]
[BlackElo "2196"]
[PlyCount "112"]
[EventDate "2019.01.12"]
[WhiteTeam "Barbican 4NCL 2"]
[BlackTeam "Guildford 3"]

1. e4 Nc6 2. d4 e5 3. Nf3 exd4 4. Nxd4 Bc5 5. Be3 Nxd4 6. Bxd4 Bxd4 7. Qxd4 Qf6
8. c3 d6 9. Na3 a6 10. O-O-O Qxd4 11. cxd4 Ne7 12. Kb1 Bd7 13. Be2 O-O-O 14. f4
f5 15. e5 Bc6 16. Nc2 Bxg2 17. Rhg1 Be4 18. Rxg7 Nd5 19. Bd3 Bxd3 20. Rxd3 Nxf4
21. Rc3 Nd5 22. Rf3 f4 23. a3 dxe5 24. dxe5 Rdg8 25. Rxg8+ Rxg8 26. Nb4 Nxb4
27. axb4 Re8 28. Rxf4 Rxe5 29. Ka2 b6 30. Rf3 h5 31. Kb3 Re4 32. Rd3 Rh4 33.
Rd2 Kb7 34. Rc2 Rf4 35. Ka3 Rf3+ 36. b3 Rd3 37. Rc4 c6 38. Rh4 Rd5 39. Re4 b5
40. Re7+ Kb6 41. Rh7 a5 42. bxa5+ Kxa5 43. b4+ Kb6 44. h4 Rd3+ 45. Ka2 Rd4 46.
Rxh5 Rxb4 47. Rh8 c5 48. h5 Rh4 49. h6 Rh3 50. h7 Kb7 51. Kb2 b4 52. Kc1 c4 53.
Kd2 b3 54. Rd8 c3+ 55. Ke2 b2 56. Rd3 Rh2+ 0-1

[Event "4NCL Division 2b"]
[Site "Daventry, ENG"]
[Date "2019.01.12"]
[Round "3.57"]
[White "Punnett, Alan K"]
[Black "Harari, Zaki"]
[Result "0-1"]
[WhiteElo "1995"]
[BlackElo "2033"]
[PlyCount "82"]
[EventDate "2019.01.12"]
[WhiteTeam "Guildford 3"]
[BlackTeam "Barbican 4NCL 2"]

1. e4 e5 2. Nf3 Nc6 3. d4 exd4 4. Nxd4 Bc5 5. Nxc6 Qf6 6. Qf3 Qxf3 7. gxf3 dxc6
8. Be3 Bxe3 9. fxe3 Ne7 10. Nc3 O-O 11. O-O-O Be6 12. f4 f5 13. Bh3 Rad8 14.
Rhg1 Kf7 15. b3 g6 16. Rd3 Rxd3 17. cxd3 Rd8 18. Kd2 b5 19. exf5 gxf5 20. Ne2
c5 21. Rc1 c4 22. Nd4 c5 23. Nxe6 Rxd3+ 24. Ke2 Kxe6 25. bxc4 Ra3 26. Rc2 b4
27. Bg2 a5 28. Bb7 a4 29. Kd2 h5 30. Rb2 h4 31. Ke2 Rc3 32. Ba6 Rc1 33. Rd2 Rg1
34. Kf3 Rf1+ 35. Kg2 Re1 36. Kf2 Ra1 37. Ke2 b3 38. axb3 axb3 39. Bb7 Ra2 40.
e4 b2 41. exf5+ Kxf5 0-1

[Event "4NCL Division 2b"]
[Site "Daventry, ENG"]
[Date "2019.01.12"]
[Round "3.58"]
[White "Regan, Natasha K"]
[Black "Shepley, Julien M"]
[Result "1-0"]
[WhiteElo "1964"]
[BlackElo "1932"]
[PlyCount "75"]
[EventDate "2019.01.12"]
[WhiteTeam "Barbican 4NCL 2"]
[BlackTeam "Guildford 3"]

1. f4 Nh6 2. e4 d5 3. e5 g6 4. Nf3 Bg4 5. h3 Bxf3 6. Qxf3 e6 7. Qf2 Bg7 8. g4
Nd7 9. d4 f5 10. exf6 Nxf6 11. Bd3 Ne4 12. Bxe4 dxe4 13. Be3 Qd5 14. Nc3 Qc6
15. Qg2 O-O-O 16. O-O-O Rhe8 17. Qxe4 Qa6 18. Qd3 Qc6 19. Kb1 Nf7 20. Ne4 Nd6
21. Nc5 Nb5 22. c3 e5 23. d5 Qb6 24. Ne6 Na3+ 25. Kc1 Qxe6 26. dxe6 Rxd3 27.
Rxd3 Nc4 28. Rd7 Bf6 29. fxe5 Rxe6 30. Rxh7 Bxe5 31. Rf1 b6 32. Bd4 Bd6 33. Kc2
b5 34. Rf2 c5 35. Rff7 Re2+ 36. Kd3 Re8 37. Rh8 Kd8 38. Bf6+ 1-0

[Event "4NCL Division 2b"]
[Site "Daventry, ENG"]
[Date "2019.01.12"]
[Round "3.61"]
[White "Bisby, Daniel L"]
[Black "Bremner, Adam"]
[Result "1/2-1/2"]
[WhiteElo "2334"]
[BlackElo "2201"]
[PlyCount "70"]
[EventDate "2019.01.12"]
[WhiteTeam "Cambridge University 1"]
[BlackTeam "Grantham Sharks 2"]

1. c4 Nf6 2. Nf3 c5 3. g3 g6 4. Bg2 Bg7 5. O-O O-O 6. d4 cxd4 7. Nxd4 Nc6 8.
Nc3 Nxd4 9. Qxd4 d6 10. Qh4 a6 11. Bg5 Re8 12. Rac1 Rb8 13. Rfd1 b6 14. b3 Bb7
15. e4 Qc7 16. Nd5 Bxd5 17. cxd5 Qd8 18. Bh3 Nd7 19. Qg4 Nc5 20. Qe2 b5 21. e5
Bxe5 22. Rxc5 Bf6 23. Rc6 Bxg5 24. Rxa6 Rb6 25. Rxb6 Qxb6 26. Bd7 Rb8 27. b4
Qa6 28. Bc6 Qa4 29. Rb1 Rb6 30. h4 Bf6 31. h5 Ra6 32. Rc1 Qxa2 33. Qxb5 Qd2 34.
Qxa6 Qxc1+ 35. Qf1 Qxf1+ 1/2-1/2

[Event "4NCL Division 2b"]
[Site "Daventry, ENG"]
[Date "2019.01.12"]
[Round "3.62"]
[White "Dong, Bao Nghia"]
[Black "Hill, Alistair"]
[Result "1-0"]
[WhiteElo "2163"]
[BlackElo "2179"]
[PlyCount "95"]
[EventDate "2019.01.12"]
[WhiteTeam "Grantham Sharks 2"]
[BlackTeam "Cambridge University 1"]

1. d4 Nf6 2. Nf3 g6 3. h3 Bg7 4. Bf4 O-O 5. e3 c5 6. Nbd2 d6 7. Bc4 Nc6 8. O-O
cxd4 9. exd4 Qb6 10. Nb3 d5 11. Bd3 Bd7 12. a4 a5 13. Bb5 Nb8 14. Qe2 e6 15.
Nc5 Bxb5 16. axb5 Nbd7 17. Na4 Qd8 18. Ne5 Nxe5 19. Bxe5 b6 20. b3 Rc8 21. c4
Nd7 22. Bxg7 Kxg7 23. Rac1 Qf6 24. Qe3 dxc4 25. bxc4 Rfe8 26. f4 Qe7 27. c5
bxc5 28. dxc5 Nf6 29. Qe5 Rcd8 30. Rfd1 Rxd1+ 31. Rxd1 Rd8 32. Rd6 Rxd6 33.
cxd6 Qa7+ 34. Qc5 Qb7 35. Qc6 Qa7+ 36. b6 Qa6 37. Qc3 Qb5 38. Qe5 Qc6 39. Qd4
h5 40. Nc5 h4 41. b7 Qb5 42. b8=Q Qxb8 43. Qxf6+ Kxf6 44. Nd7+ Kg7 45. Nxb8 Kf8
46. Nc6 Ke8 47. Nxa5 Kd7 48. Nc4 1-0

[Event "4NCL Division 2b"]
[Site "Daventry, ENG"]
[Date "2019.01.12"]
[Round "3.63"]
[White "McClement, Andrew"]
[Black "Murphy, Hugh W"]
[Result "1-0"]
[WhiteElo "2209"]
[BlackElo "2126"]
[PlyCount "65"]
[EventDate "2019.01.12"]
[WhiteTeam "Cambridge University 1"]
[BlackTeam "Grantham Sharks 2"]

1. Nf3 Nc6 2. d4 d5 3. g3 Bg4 4. Bg2 Qd7 5. O-O O-O-O 6. c3 e5 7. Nxe5 Nxe5 8.
dxe5 h5 9. h4 Ne7 10. Nd2 g5 11. hxg5 h4 12. f3 Be6 13. g4 h3 14. Bh1 Bxg4 15.
fxg4 Qxg4+ 16. Kh2 Nf5 17. Rxf5 Qxf5 18. Nf3 Bc5 19. Qd3 Qg4 20. Be3 Bxe3 21.
Qxe3 Kb8 22. Rg1 Qh5 23. Nd4 c6 24. e6 fxe6 25. Nxe6 Rd7 26. Bf3 Qh4 27. Rg4
Qh7 28. g6 Qg8 29. g7 Rxg7 30. Rxg7 Qc8 31. Qf4+ Ka8 32. Bg4 a6 33. Nc7+ 1-0

[Event "4NCL Division 2b"]
[Site "Daventry, ENG"]
[Date "2019.01.12"]
[Round "3.64"]
[White "Birtwistle, Nigel"]
[Black "Lee, Richard W Y"]
[Result "1/2-1/2"]
[WhiteElo "2137"]
[BlackElo "2131"]
[PlyCount "37"]
[EventDate "2019.01.12"]
[WhiteTeam "Grantham Sharks 2"]
[BlackTeam "Cambridge University 1"]

1. Nf3 Nf6 2. g3 d5 3. c4 e6 4. Bg2 Be7 5. O-O O-O 6. d4 Nbd7 7. Qc2 c6 8. Nbd2
b6 9. Rd1 Bb7 10. e4 Rc8 11. b3 c5 12. exd5 exd5 13. dxc5 Bxc5 14. Qf5 Re8 15.
Bb2 Qc7 16. Rac1 a5 17. Re1 Rcd8 18. cxd5 Bxd5 19. Ba3 1/2-1/2

[Event "4NCL Division 2b"]
[Site "Daventry, ENG"]
[Date "2019.01.12"]
[Round "3.65"]
[White "Robertson, J Stuart"]
[Black "Willis, Rupert"]
[Result "1-0"]
[WhiteElo "2110"]
[BlackElo "2127"]
[PlyCount "131"]
[EventDate "2019.01.12"]
[WhiteTeam "Cambridge University 1"]
[BlackTeam "Grantham Sharks 2"]

1. d4 e6 2. c4 Nf6 3. Nc3 c5 4. d5 exd5 5. cxd5 d6 6. e4 g6 7. Nge2 Bg7 8. Ng3
h5 9. Be2 h4 10. Nf1 h3 11. g3 Nbd7 12. Bg5 a6 13. a4 Qc7 14. Nd2 Rb8 15. O-O
O-O 16. Re1 Ne5 17. Nc4 Nxc4 18. Bxc4 Ng4 19. Be2 Ne5 20. f4 Nd7 21. Bf1 Nf6
22. e5 dxe5 23. fxe5 Ng4 24. d6 Qb6 25. Nd5 Qxb2 26. Re2 Qd4+ 27. Qxd4 cxd4 28.
Ne7+ Kh7 29. Nxc8 d3 30. Bxh3 dxe2 31. Bxg4 Bxe5 32. Re1 f6 33. Rxe2 Bd4+ 34.
Be3 Bxe3+ 35. Rxe3 Rbxc8 36. Bxc8 Rxc8 37. Re7+ Kh6 38. Rxb7 Rc2 39. Ra7 Rd2
40. Rxa6 Kg5 41. Rb6 Kf5 42. Rb3 Rxd6 43. Ra3 g5 44. Ra1 g4 45. a5 Ra6 46. Kf2
Ke4 47. Ke2 f5 48. Ra4+ Kd5 49. Ke3 Ke5 50. Ra2 Ke6 51. Kf4 Kf6 52. Ke3 Ke5 53.
Ra1 Ke6 54. Kd4 Kd6 55. Ra2 Kc7 56. Ke5 Rc6 57. Kxf5 Rc4 58. Re2 Kb7 59. Re6
Ra4 60. Rg6 Ra2 61. Rh6 Ra4 62. a6+ Kc8 63. Rh8+ Kc7 64. Rh7+ Kb8 65. a7+ Ka8
66. Rh4 1-0

[Event "4NCL Division 2b"]
[Site "Daventry, ENG"]
[Date "2019.01.12"]
[Round "3.66"]
[White "Munshi, Aditya"]
[Black "Starley, Robert"]
[Result "1/2-1/2"]
[WhiteElo "2095"]
[BlackElo "2093"]
[PlyCount "128"]
[EventDate "2019.01.12"]
[WhiteTeam "Grantham Sharks 2"]
[BlackTeam "Cambridge University 1"]

1. e4 e5 2. Nf3 Nc6 3. Bc4 Bc5 4. c3 Nf6 5. d3 O-O 6. O-O d5 7. exd5 Nxd5 8. a4
Bf5 9. Nbd2 Nb6 10. Bb5 Bxd3 11. Re1 f6 12. Nb3 Bxf2+ 13. Kxf2 e4 14. Bxd3 exd3
15. Nbd4 Qd5 16. Ne6 Rfe8 17. Nxc7 Qc5+ 18. Be3 Rxe3 19. Rxe3 Nc4 20. Qxd3 Rd8
21. Ne6 Rxd3 22. Nxc5 Rxe3 23. b3 Rxc3 24. bxc4 b6 25. Ne4 Rxc4 26. Nd6 Rc2+
27. Kg3 Ne7 28. Re1 Kf8 29. Nd4 Rc3+ 30. Kf2 g6 31. Ne6+ Kg8 32. Nf4 Rc7 33.
Ne8 Rc4 34. g3 Nc6 35. Re4 Rc2+ 36. Re2 Rxe2+ 37. Kxe2 Kf7 38. Nc7 a6 39. Nxa6
b5 40. axb5 Nd4+ 41. Kd3 Nxb5 42. Nc5 g5 43. Nd5 f5 44. Nc3 Nd6 45. Kd4 Kg6 46.
Nd5 h5 47. Ke5 Nc4+ 48. Ke6 h4 49. Ne7+ Kh5 50. Kxf5 hxg3 51. hxg3 Ne3+ 52. Ke4
Nf1 53. Kf3 g4+ 54. Kf4 Nxg3 55. Kxg3 Kg5 56. Ne4+ Kh6 57. Nd5 Kg6 58. Nd6 Kg5
59. Kf2 g3+ 60. Kg2 Kg4 61. Kf1 Kf3 62. Kg1 g2 63. Nf5 Ke4 64. Kxg2 Kxd5
1/2-1/2

[Event "4NCL Division 2b"]
[Site "Daventry, ENG"]
[Date "2019.01.12"]
[Round "3.67"]
[White "Chan, Nevil"]
[Black "Kafka, Graeme"]
[Result "1/2-1/2"]
[WhiteElo "2000"]
[BlackElo "2055"]
[PlyCount "28"]
[EventDate "2019.01.12"]
[WhiteTeam "Cambridge University 1"]
[BlackTeam "Grantham Sharks 2"]

1. d4 d5 2. Nc3 Nf6 3. Bg5 h6 4. Bxf6 exf6 5. e3 c6 6. Bd3 f5 7. Qf3 g6 8. Nge2
Nd7 9. h4 h5 10. g3 Nf6 11. Nf4 Ne4 12. Nce2 Qa5+ 13. c3 b6 14. Qg2 Ba6 1/2-1/2

[Event "4NCL Division 2b"]
[Site "Daventry, ENG"]
[Date "2019.01.12"]
[Round "3.68"]
[White "Milson, Samuel A"]
[Black "York-Andersen, Anna"]
[Result "1-0"]
[WhiteElo "2117"]
[BlackElo "1778"]
[PlyCount "79"]
[EventDate "2019.01.12"]
[WhiteTeam "Grantham Sharks 2"]
[BlackTeam "Cambridge University 1"]

1. e4 c6 2. d4 d5 3. exd5 cxd5 4. c4 Nf6 5. Nc3 Nc6 6. Nf3 Bg4 7. Be2 e6 8. Qa4
Bxf3 9. Bxf3 Be7 10. O-O O-O 11. Rd1 Rc8 12. Bf4 Bd6 13. Bg5 dxc4 14. d5 Ne5
15. Be4 Qb6 16. Bxf6 gxf6 17. Qb5 Qc7 18. dxe6 fxe6 19. Rd2 b6 20. Rad1 Rfd8
21. h3 Bc5 22. Bc2 f5 23. b4 a6 24. Qa4 Bd6 25. f4 Nc6 26. b5 Na7 27. bxa6 Bxf4
28. Rxd8+ Rxd8 29. Rxd8+ Qxd8 30. Qxc4 Be3+ 31. Kh1 Qd6 32. Bxf5 Kf7 33. Bxh7
b5 34. Qg4 Nc6 35. Qf3+ Bf4 36. g3 e5 37. gxf4 exf4 38. Qd5+ Qxd5+ 39. Nxd5 f3
40. Be4 1-0

[Event "4NCL Division 2b"]
[Site "Daventry, ENG"]
[Date "2019.01.12"]
[Round "3.71"]
[White "Cumming, Rhys"]
[Black "Wall, Gavin"]
[Result "1/2-1/2"]
[WhiteElo "2224"]
[BlackElo "2330"]
[PlyCount "31"]
[EventDate "2019.01.12"]
[WhiteTeam "Sussex Martlets 1"]
[BlackTeam "Gonzaga"]

1. e4 e5 2. Nf3 d6 3. d4 exd4 4. Nxd4 Nf6 5. Nc3 Be7 6. Be2 O-O 7. Bf4 a6 8.
Qd2 d5 9. exd5 Bb4 10. Bg5 h6 11. Bxf6 Qxf6 12. O-O Rd8 13. Rad1 Nd7 14. d6
Qxd6 15. a3 Bc5 16. b4 1/2-1/2

[Event "4NCL Division 2b"]
[Site "Daventry, ENG"]
[Date "2019.01.12"]
[Round "3.72"]
[White "Delaney, Killian"]
[Black "Payne, Matthew J"]
[Result "1-0"]
[WhiteElo "2201"]
[BlackElo "2207"]
[PlyCount "89"]
[EventDate "2019.01.12"]
[WhiteTeam "Gonzaga"]
[BlackTeam "Sussex Martlets 1"]

1. e4 e6 2. d4 d5 3. Nd2 Nc6 4. Ngf3 Nf6 5. e5 Nd7 6. Bd3 f6 7. Ng5 Ndxe5 8.
dxe5 fxg5 9. Qh5+ g6 10. Bxg6+ Kd7 11. c4 Nxe5 12. Bc2 Qe8 13. Qxg5 Nf7 14. Qh5
Nd6 15. Qe2 Kd8 16. O-O b6 17. Re1 Bg7 18. Qg4 Qf7 19. Nf3 h6 20. Nd4 Ne4 21.
Nc6+ Kd7 22. Bxe4 Kxc6 23. Bf3 Kb7 24. Qf4 Qxf4 25. Bxf4 Rf8 26. Be5 Bxe5 27.
Rxe5 c6 28. cxd5 cxd5 29. Bg4 Rf4 30. h3 Bd7 31. Bxe6 Bxe6 32. Rxe6 Raf8 33.
Rf1 Rc4 34. Re2 Rfc8 35. f4 d4 36. f5 Rd8 37. g4 d3 38. Rd2 Rc2 39. Rfd1 Re8
40. Kf1 Re3 41. Rxc2 dxc2 42. Rc1 Rxh3 43. Rxc2 h5 44. g5 Rg3 45. f6 1-0

[Event "4NCL Division 2b"]
[Site "Daventry, ENG"]
[Date "2019.01.12"]
[Round "3.73"]
[White "Graham, David B"]
[Black "Thorarinsson, Pall A"]
[Result "1-0"]
[WhiteElo "2191"]
[BlackElo "2261"]
[PlyCount "89"]
[EventDate "2019.01.12"]
[WhiteTeam "Sussex Martlets 1"]
[BlackTeam "Gonzaga"]

1. e4 g6 2. d4 Bg7 3. Nf3 d6 4. Nc3 Nf6 5. g3 c6 6. Bg2 O-O 7. O-O Qc7 8. Bf4
Nbd7 9. Qd2 e5 10. Bh6 b5 11. Bxg7 Kxg7 12. a3 a6 13. Rad1 c5 14. dxc5 dxc5 15.
Nd5 Nxd5 16. exd5 Qd6 17. Ng5 Nf6 18. f4 h6 19. fxe5 Qxe5 20. Nf3 Qxb2 21. Qf4
Bf5 22. Nh4 Bg4 23. Rd2 g5 24. Nf5+ Bxf5 25. Qxf5 Rad8 26. d6 Rfe8 27. Qxc5 Qe5
28. Qxe5 Rxe5 29. Bb7 a5 30. Rb1 Ne4 31. Bxe4 Rxe4 32. Rxb5 a4 33. Rb4 Re6 34.
Rbd4 Kf6 35. c4 Re1+ 36. Kf2 Rc1 37. Ke3 Ke6 38. Ke4 Kd7 39. Kd5 Ra1 40. c5 Re8
41. Re4 Rxe4 42. Kxe4 f5+ 43. Kd5 f4 44. gxf4 gxf4 45. Rb2 1-0

[Event "4NCL Division 2b"]
[Site "Daventry, ENG"]
[Date "2019.01.12"]
[Round "3.74"]
[White "Li, Henry"]
[Black "Willson, Ollie"]
[Result "1-0"]
[WhiteElo "2193"]
[BlackElo "2155"]
[PlyCount "79"]
[EventDate "2019.01.12"]
[WhiteTeam "Gonzaga"]
[BlackTeam "Sussex Martlets 1"]

1. e4 c5 2. Nf3 e6 3. d4 cxd4 4. Nxd4 Nc6 5. Nc3 Qc7 6. Be3 a6 7. Qd2 Nf6 8.
O-O-O Bb4 9. f3 b5 10. g4 O-O 11. Nxc6 dxc6 12. a3 Be7 13. Qf2 c5 14. Qg3 Qc6
15. h4 b4 16. Nb1 a5 17. h5 c4 18. g5 Ne8 19. g6 fxg6 20. hxg6 h6 21. Bxh6 gxh6
22. Rxh6 Bf6 23. Rh7 c3 24. b3 Qc5 25. f4 Ra7 26. Qh3 Bg7 27. Bc4 Rf6 28. f5
Qe5 29. Qh4 Qc5 30. Qh3 Qc7 31. Qh4 Qc5 32. Qf4 Qc7 33. e5 Rf8 34. Re1 Nf6 35.
Qh4 Nd5 36. Bxd5 exd5 37. f6 Qd8 38. Rxg7+ Rxg7 39. Rh1 Rxf6 40. Qh8# 1-0

[Event "4NCL Division 2b"]
[Site "Daventry, ENG"]
[Date "2019.01.12"]
[Round "3.75"]
[White "Grant, David J"]
[Black "Moran, Stephen"]
[Result "1/2-1/2"]
[WhiteElo "2222"]
[BlackElo "2163"]
[PlyCount "57"]
[EventDate "2019.01.12"]
[WhiteTeam "Sussex Martlets 1"]
[BlackTeam "Gonzaga"]

1. e4 e6 2. d4 d5 3. Nc3 Nf6 4. e5 Nfd7 5. f4 c5 6. Nf3 Nc6 7. Be3 Be7 8. Qd2
a6 9. dxc5 Nxc5 10. O-O-O b5 11. Qf2 Na4 12. Nxa4 bxa4 13. Nd4 Qc7 14. Nxc6
Qxc6 15. a3 Rb8 16. Bd4 O-O 17. h4 Bd7 18. Rh3 Rfc8 19. Rc3 Qb7 20. Rxc8+ Rxc8
21. Bd3 Bb5 22. f5 Bf8 23. Qf3 Bxd3 24. Rxd3 Qb5 25. h5 exf5 26. Qxf5 Qe8 27.
Rc3 Rxc3 28. Bxc3 Qc6 29. Bd4 1/2-1/2

[Event "4NCL Division 2b"]
[Site "Daventry, ENG"]
[Date "2019.01.12"]
[Round "3.76"]
[White "Murray, David"]
[Black "Miller, Dominic"]
[Result "1-0"]
[WhiteElo "2178"]
[BlackElo "2125"]
[PlyCount "83"]
[EventDate "2019.01.12"]
[WhiteTeam "Gonzaga"]
[BlackTeam "Sussex Martlets 1"]

1. e4 e6 2. d4 d5 3. Nc3 Bb4 4. e5 c5 5. a3 Bxc3+ 6. bxc3 Ne7 7. Qg4 cxd4 8.
Qxg7 Rf8 9. Qxh7 Qc7 10. Ne2 Nbc6 11. f4 dxc3 12. h4 d4 13. h5 Bd7 14. Qd3
O-O-O 15. h6 Kb8 16. h7 Rh8 17. Rb1 Bc8 18. g4 b6 19. Bg2 Bb7 20. Rh2 Qc8 21.
Be4 Ba6 22. Qf3 Nd5 23. f5 Nxe5 24. Qg3 Qc7 25. fxe6 d3 26. cxd3 Nxd3+ 27. Bxd3
Qxg3+ 28. Nxg3 Bxd3 29. Bg5 f6 30. Rd1 Bxh7 31. e7 Nxe7 32. Rxd8+ Rxd8 33. Bf4+
Kc8 34. Rxh7 Nd5 35. Bc1 a5 36. Ke2 b5 37. Ra7 b4 38. Rxa5 b3 39. Rc5+ Kb7 40.
Rb5+ Kc6 41. Rxb3 Kc5 42. Kd3 1-0

[Event "4NCL Division 2b"]
[Site "Daventry, ENG"]
[Date "2019.01.12"]
[Round "3.77"]
[White "Lunn, Matthew"]
[Black "Jackson, Carl"]
[Result "1-0"]
[WhiteElo "2072"]
[BlackElo "2156"]
[PlyCount "64"]
[EventDate "2019.01.12"]
[WhiteTeam "Sussex Martlets 1"]
[BlackTeam "Gonzaga"]

1. d4 d5 2. c4 Nc6 3. Nc3 Nf6 4. Nf3 dxc4 5. e4 Bg4 6. Be3 e6 7. Bxc4 Bb4 8.
Qd3 Bh5 9. a3 Bxc3+ 10. bxc3 Bg6 11. Nd2 Nxe4 12. Nxe4 Qh4 13. Bg5 Qxe4+ 14.
Qxe4 Bxe4 15. O-O O-O 16. Rfe1 Bd5 17. Bd3 Na5 18. Rab1 b6 19. Re3 Rfc8 20. Rg3
c5 21. Bf6 g6 22. dxc5 Rxc5 23. Rb4 Bc4 24. Be4 Rac8 25. Bd4 Rd8 26. h4 Rcc8
27. h5 Bd5 28. Bf6 Rd7 29. Bd3 Bc4 30. Be4 Rd1+ 31. Kh2 Rd2 32. hxg6 hxg6 1-0

[Event "4NCL Division 2b"]
[Site "Daventry, ENG"]
[Date "2019.01.12"]
[Round "3.78"]
[White "Freeman, Gordon"]
[Black "Graham, Cassie M"]
[Result "1-0"]
[WhiteElo "2121"]
[BlackElo "2035"]
[PlyCount "73"]
[EventDate "2019.01.12"]
[WhiteTeam "Gonzaga"]
[BlackTeam "Sussex Martlets 1"]

1. d4 Nf6 2. Nf3 g6 3. Bg5 Bg7 4. Nbd2 d5 5. e3 O-O 6. Bd3 c5 7. c3 cxd4 8.
exd4 Nc6 9. O-O h6 10. Bh4 Nh5 11. Re1 Nf4 12. Bc2 Bg4 13. Bg3 Nh5 14. h3 Bxf3
15. Qxf3 Nxg3 16. Qxg3 Rc8 17. Nf3 Qb6 18. Rab1 e6 19. Re2 Qa6 20. Rbe1 Ne7 21.
a3 Qb6 22. Bb1 Qc7 23. Qh4 a5 24. Ne5 b5 25. Ng4 Kh7 26. Nf6+ Bxf6 27. Qxf6 Nf5
28. g4 Ne7 29. h4 Ng8 30. Qf3 Kg7 31. h5 g5 32. Re5 b4 33. Qd3 Nf6 34. cxb4
axb4 35. Qf3 bxa3 36. Rxg5+ hxg5 37. h6+ 1-0

[Event "4NCL Division 2b"]
[Site "Daventry, ENG"]
[Date "2019.01.12"]
[Round "3.81"]
[White "Isaakidis, Alexandros"]
[Black "Zeidler, Sven P"]
[Result "1-0"]
[WhiteElo "2178"]
[BlackElo "2168"]
[PlyCount "69"]
[EventDate "2019.01.12"]
[WhiteTeam "Wessex A"]
[BlackTeam "West is Best 2"]

1. e4 Nc6 2. Nf3 d6 3. d4 Nf6 4. d5 Nb8 5. Bd3 g6 6. O-O Bg7 7. c4 O-O 8. Nc3
c6 9. h3 a6 10. a4 a5 11. Be3 Na6 12. Rc1 e5 13. c5 cxd5 14. Bxa6 d4 15. Bc4
dxc3 16. Ng5 cxb2 17. Rb1 h6 18. Nxf7 Rxf7 19. Qb3 d5 20. exd5 Kh7 21. Rxb2 Nh5
22. Rd1 Nf4 23. d6 Qg5 24. Bxf4 exf4 25. Bxf7 Bxh3 26. Qxh3 Bxb2 27. Qd7 f3 28.
Bd5+ Bg7 29. Bxf3 Qxc5 30. Qxb7 Ra7 31. Qb5 Qxb5 32. axb5 Bf6 33. b6 Rd7 34. b7
Rd8 35. Rc1 1-0

[Event "4NCL Division 2b"]
[Site "Daventry, ENG"]
[Date "2019.01.12"]
[Round "3.82"]
[White "Redmond, John P"]
[Black "Pye, David E"]
[Result "1-0"]
[WhiteElo "2185"]
[BlackElo "2140"]
[PlyCount "97"]
[EventDate "2019.01.12"]
[WhiteTeam "West is Best 2"]
[BlackTeam "Wessex A"]

1. Nf3 d5 2. d4 Bg4 3. e3 Nf6 4. c4 Bxf3 5. Qxf3 e6 6. Nc3 c6 7. Bd2 Bb4 8. Bd3
a5 9. O-O O-O 10. a3 Be7 11. Rad1 Nbd7 12. Qh3 dxc4 13. Bxc4 Nb6 14. Ba2 Nbd5
15. Bb1 Nxc3 16. Bxc3 Qd5 17. Rfe1 Qh5 18. Qxh5 Nxh5 19. e4 Bf6 20. g3 Rfe8 21.
Re3 Red8 22. Rf3 Be7 23. Rfd3 Nf6 24. f3 Kf8 25. Kg2 b6 26. Be1 Rdc8 27. Rc1
Ke8 28. Bf2 Nd7 29. Rdc3 Kd8 30. Rxc6 Rxc6 31. Rxc6 Rc8 32. Rxc8+ Kxc8 33. Bd3
Kc7 34. Bb5 Nf6 35. Kf1 h5 36. h4 Nh7 37. Be8 f5 38. exf5 Nf6 39. Bg6 exf5 40.
Bxf5 Kc6 41. Ke2 Kb5 42. Kd3 Bd6 43. Be6 Kc6 44. g4 g6 45. g5 Nd5 46. Ke4 Ne7
47. a4 Kc7 48. d5 Bh2 49. f4 1-0

[Event "4NCL Division 2b"]
[Site "Daventry, ENG"]
[Date "2019.01.12"]
[Round "3.83"]
[White "Gill, Oliver"]
[Black "Bullen, Alex"]
[Result "0-1"]
[WhiteElo "2135"]
[BlackElo "2081"]
[PlyCount "76"]
[EventDate "2019.01.12"]
[WhiteTeam "Wessex A"]
[BlackTeam "West is Best 2"]

1. e4 c6 2. d4 d5 3. e5 Bf5 4. h4 h5 5. Bd3 Bxd3 6. Qxd3 Qa5+ 7. Bd2 Qa6 8. e6
Qxd3 9. exf7+ Kxf7 10. cxd3 Nh6 11. Nf3 Nd7 12. Bc3 Ng4 13. Nbd2 c5 14. Ng5+
Kg8 15. dxc5 Nxc5 16. Ke2 Re8 17. f3 Nh6 18. d4 Nd7 19. f4 Nf5 20. Kf3 Rh6 21.
Nb3 Rf6 22. g3 b6 23. Rhe1 g6 24. Re2 Bh6 25. Rae1 Nf8 26. Bb4 Bxg5 27. hxg5
Rf7 28. a4 a5 29. Bc3 Rc8 30. Nd2 Rc6 31. Rh2 Ne6 32. g4 Nfxd4+ 33. Kg3 Rxf4
34. gxh5 Nf5+ 35. Kg2 d4 36. hxg6 dxc3 37. bxc3 Nxg5 38. Rh5 Rxg6 0-1